Представление документа в формате RUSMARC

ПолеНазваниеЗначение
  Тип записи a
  Библиографический уровень m
001 Контрольный номер RU/SLIB/B/208718120
005 Дата корректировки 20201206203935.7
010 Индекс ISBN __
d Цена 0-59
101 Язык документа __
a Язык текста rus
c Язык оригинала fre
200 Заглавие и сведения об ответственности 1_
a Заглавие Почему бы и нет?
e Сведения, относящиеся к заглавию пер. с фр.
f Первые сведения об ответственности Эммануэль М.
b Общее обозначение материала Текст
210 Выходные данные __
a Место издания Л.
c Издательство Гидрометеоиздат
d Дата издания 1974
215 Физическое описание __
a Объем 208 с., 1 л. портр.
600 Персоналии __
a Персоналии (Фамилия) Шарко, Ж.-Б
606 Тематические рубрики __
a Основная рубрика География
606 Тематические рубрики __
a Основная рубрика История географии
606 Тематические рубрики __
a Основная рубрика Страноведение
y Географическая подрубрика Антарктика; Арктика
610 Ключевые слова __
a Ключевые слова ученые; биографии; путешествия; путешественники; биографические материалы; персоналии; географические исследования
686 Индексы других классификаций __
a Классификационный индекс 26.8г
686 Индексы других классификаций __
a Классификационный индекс 26.89(00)
700 Автор _1
a Фамилия Эммануэль
b Имя М.
4 Код отношения 070
801 Источник записи _0
a Страна RU
b Организация Муниципальное бюджетное учреждение культуры "Централизованная библиотечная система" г. Сургут (Центральная городская библиотека им. А. С. Пушкина)
g Правила каталогизации К/Кундохова
801 Источник записи _1
a Страна RU
b Организация Муниципальное бюджетное учреждение культуры "Централизованная библиотечная система" г. Сургут (Центральная городская библиотека им. А. С. Пушкина)
g Правила каталогизации К/Кундохова
852 Данные о местонахождении __
j Шифр хранения 26.8г
c Каталожный индекс 26.8г; 26.89(00)
i Авторский знак Э 56
p Инвентарный номер 17964(с)
901 Тип документа __
t Тип документа m
990 Данные о заказе (DOS) __
j Количество экземпляров (DOS) 1